SMM2 Troll levels - Statistiques

Statistiques générales
  • Ce quiz a été pris 9 fois
  • Le résultat moyen est 28 sur 450
Statistiques - réponses
Hint Réponse % Correct
gioksz F
88%
$hadekitty W
88%
Abotun GOOP'n'GORP #1
63%
Abotun GOOP'n'GORP #2
63%
Abotun GOOP'n'GORP #3
63%
Abotun GOOP'n'GORP #4 [Wilfred Collab]
63%
Abotun GOOP'n'GORP #6
63%
Abotun GOOP'n'GORP#7 [Kingbling Collab]
63%
$kullCandY p (but it's a collab)
63%
gioksz something | troll | #box
63%
jneen toadette goes to space v31/TROLL
63%
zoliking Trol.
63%
$hadekitty levle
50%
BearWare thwomp suc
50%
SoupBowl NO
38%
Abotun Super Abotun World
38%
Sady The Twollvengers [COLLAB]
38%
Bear24 Bad News Bears
25%
BearWare crate suc
25%
Bear24 Free Trolls! Only $2.99
25%
AetherPi Geek's Yeenis
25%
$hadekitty levle2
25%
$hadekitty levle3
25%
poly LOOGUY tries to make a troll
25%
Gnomainain Poly War Zone : thwice twiced
25%
Wagon Super Wagon World
25%
STEVOOOOO! SYMPtoms of STUPIDity
25%
Collab The carlMoney Collab 3D
25%
Bear24 The Description is Lying!!!
25%
$hadekitty The Pain Games (ft. River)
25%
BearWare thwomp swallow
25%
Gnomainain [Troll]Gnomainoucheries !
25%
Wagon Wrong level
25%
3Good5You [#10YC] calgraTrollations!
13%
$hadekitty 24-Karat Trold (ft. $kullCandY)
13%
Goomba Crew [7MMC] I'm a Goofy Goomber
13%
Ailscream Ailscream's Bakattitude [troll]
13%
BearWare All the Colors of the Painbow
13%
Abotun A shot in the Dark
13%
Shieldser9 Best of Fun Surprises (Troll)
13%
50-ft lock Best of SMM2 troll moments #CTC
13%
$hadekitty Boned for the Trolidays
13%
Wagon BOW ZR'S FURY
13%
50-ft lock BrokeTrack Caverns
13%
Wagon [BWT] Mario commits key die.
13%
3Good5You Cargo Space? [Troll]
13%
Shano19 carl's trash can
13%
BearWare Castle of Bup 2 : The Buppening
13%
$hadekitty Creative Title Containing "Ol'"
13%
CCC Creepy, Curel, CRAP (CCC COLLAB)
13%
3Good5You Deforested Forest [Troll]
13%
3Good5You Deserted Castle [Troll]
13%
Shieldser9 Desert of Fun Surprises
13%
Basilicon DO NOT TOUCH THE RED BUTTON!!!
13%
SoupBowl DONT
13%
$kullCandY Dr. Doo-little trolling B)))
13%
Wagon drown
13%
STEVOOOOO! Dummytown USA
13%
3Good5You elarin's new troll level
13%
STEVOOOOO! FIELD OF STUPID 2
13%
Potatochan Fishboned
13%
W. Wiggler 'Fun'
13%
CCC Geek: Faces of Evil (CCC COLLAB)
13%
Tombobulus Gimm's Pescatarian Paella
13%
B0X Gottem City [Troll]
13%
Basilicon Highly Suspicious Troll Level
13%
Wilfred Hokey Pokey's Bogus Bingus
13%
3Good5You How It Feels to Be 5 Dum [Troll]
13%
3Good5You How It Looks to Be 6 Dum [Troll]
13%
B0X I can't believe you've done this
13%
$hadekitty Inactive Collab #69 (ft. xTofu)
13%
B0X in Hot Water [Troll]
13%
poly I SUC (troll) v2
13%
elarin jojalol's new troll level
13%
50-ft lock Just a dip in the lava
13%
FMB3 Kaizo Troll ou Troll Kaizo ?
13%
poly Keydeath is for winners !
13%
Wagon Key No Die
13%
B0X Kirbo's Dream't Land
13%
BearWare Larl carl and the Castle of Bup
13%
$kullCandY Link invests in rupees
13%
poly LOOGUY asks for a best of !
13%
poly LOOGUY has to pay BAWESER
13%
Bartje321 Lost in the woods [Troll]
13%
Talerian Luigi Steals from Ruins
13%
3Good5You Ma'am This Is a Lemmy's
13%
$kullCandY MariNo (Troll)
13%
Bartje321 Mario does a déjà vu [Troll]
13%
50-ft lock Mario gets trolled in the editor
13%
3Good5You Mario Goes to Jail [Troll]
13%
$kullCandY Mario's drinks dumb-water
13%
5thKnight Mechakappa [Troll]
13%
Abotun my 1th Troll lelev v1
13%
Wagon my first levl #3
13%
$hadekitty Night of the Fishing Dead
13%
Bartje321 Noice Noice [Experimental Troll]
13%
AetherPi NO ONE ORDERED THE FISH!!!
13%
50-ft lock oh no shinies are banned
13%
poly Polynoucheries !
13%
Abotun Pow do you do, fellow kids?
13%
Ailscream Pro feat. troll act 4
13%
$hadekitty Ready! Set! NOOOO!
13%
Canyyon red coin't
13%
3Good5You REWIND [Troll] #Geek
13%
DANtheTANK Rollin' & Trollin' 4 3/4: A New Era
13%
B0X Shorts Troll
13%
3Good5You Sir This is a Wendy's [Troll]
13%
Superplex25 Smile
13%
Keigy ST#1 : Trolly Beginning
13%
Keigy ST#2 : the field
13%
Superplex25 SUDDENLY LEVEL!
13%
Ailscream Super mario land theme [ troll ]
13%
Bear24 The Anti Anti Troll Level :)
13%
Abotun THE BAN MEN
13%
W. Wiggler The Box.
13%
5thKnight The Debut of Knights 1-4 [Troll]
13%
$hadekitty The Disrespect Door
13%
poly The dummy test !
13%
STEVOOOOO! THE GHOST OF CHRISTMAS STUPID
13%
AetherPi The Level Is A Lie
13%
Wagon The On-Screen Thwomp
13%
Katz The Red Room
13%
BearWare There's Kool-Aid in my Beard
13%
BearWare The Trolley Ride To Goomber City
13%
Ailscream The Troll House ( V 3.0 )
13%
Wagon The Wagon World Finale
13%
Pickpokey This is a Jojalol troll level.
13%
BearWare Tower of Unbearable Stupidity
13%
B0X Trashional Lampoons
13%
$hadekitty TRIPLE GUTS #4YG
13%
Gnomainain [Troll] Des Ticocheries en vue !
13%
Gnomainain [troll] Latin War Zone : Naked..
13%
$hadekitty Trolls-R-Us (ft. 3Good5You)
13%
Abotun u just got troll level'd
13%
$kullCandY we do a little trOlling
13%
Tim-bum 2 What Are You Doing in My Thwomp?
13%
STEVOOOOO! WHAT COULD POSSIBLY GO WRONG?
13%
3Good5You When the level is Dubious[Troll]
13%
Bartje321 Who likes a powerup? [Troll]
13%
Bear24 Win Condition: Get Trolled!
13%
$kullCandY Wrong = Right Now In SMB1
13%
Wagon Your Fish Is My Command
13%
B0X Yo want a pizza me? - Troll
13%
zoliking 10 Seconds [TROLL]
0%
Wagon 1-1 but everything is a lie
0%
~Chichiri~ 20 sec speedrun LUL [Troll]
0%
HackaKat 3dw suk
0%
[daftlife] [7MMC] The Crate Escape
0%
Tutajkk [8MMC] The Floating Trollship
0%
poly A 3D troll : try to win !
0%
Shieldser9 a Bomb, a Fish and a Thwomp
0%
YimmyRawr A Completely Normal Tro1-1 Level
0%
Kingbling A Happy New Year of Trolls
0%
Wagon A Hot Taste of New Soup
0%
Shieldser9 Airship of Fun Surprises
0%
Kingbling ALWAYS Trust the 50 Coin
0%
Kerzo Anatidaephobia [Troll]
0%
Pickpokey A new troll meta has come...
0%
elarin A sTroll Down Memory Lane #10YC
0%
poly A Troll cool ab !
0%
Explosive A trol levle colalb
0%
poly A troll level (again).
0%
poly A troll level (again) (again)
0%
Burg93 A Trollo Story (Revived)
0%
Kerzo A very Dum level [Troll]
0%
zoliking A Very Me Level
0%
poly Back to CP1 !
0%
Lazy Nine bada Bing, Bada b0x!
0%
Jujustum ↑↑↓↓←→←→B A - Nothing was gained
0%
Tutajkk Bedtime Trolls
0%
zoliking Benign Troll Level
0%
Wilfred Best of WilfredTheBoss 2019
0%
PeregrineC Big Bean Quesarito
0%
FMB3 Bingo smm2 bye tacos et poly
0%
jojalol boom boom's castle 3
0%
Keigy Bowser Jr's Fury V.2
0%
STEVOOOOO! BOWZR'S UNFORTUNATE RETURN
0%
LunarScrap Brain is empty
0%
STEVOOOOO! Brainless Bingus #2YSCC
0%
Matute26 Brain's Hamster Training Day
0%
Wagon Breaking Banned
0%
catears Bring Big Brain [TROLL]
0%
Shieldser9 BrokeTrack Mountain
0%
Shieldser9 BrokeTrack Mountain 2
0%
YimmyRawr Bullet Bill's Everlasting Troll
0%
Sady Cap. Aussie: The 1st Twollvenger
0%
Geek carl Goes to Loss Vegas, Norvada
0%
Canyyon carlHi? No, carlDie.
0%
Jujustum carl Psychological Desert
0%
HackaKat carlToxic
0%
Shieldser9 Castle Hyperemesis
0%
Tutajkk Casual Trolls
0%
Hyeve Cheap (Cheep) Thrills
0%
Scriv Choiche Choiche
0%
TrollVoid Clear Condition: Get A CP
0%
Shieldser9 Collection of Fun Surprises
0%
Wagon Da Rude Sandstorm
0%
Treflee Desert with Doubt (Troll)
0%
Wagon Don't go here first
0%
carl Doo do do do do doooooo
0%
~Chichiri~ Double, Double, Troll, & Trouble
0%
frgted do you believe in troll magic?
0%
Nicotec Dummytown UK
0%
Sus_Door Emoletional Trollercoaster
0%
SoupBowl Endless Soup
0%
SoupBowl Endless Soup part 2
0%
Explosive Escape from Tooth Banan
0%
zoliking Evil
0%
Collab Failing the Seven Seas
0%
Sady FeelsBannedMan
0%
Kerzo Feesh is still funny, geek
0%
Kingbling Fiddling 101: Learn To Play!
0%
STEVOOOOO! FIELD OF STUPID 1
0%
~Chichiri~ Foolhardy Forest [Troll Level]
0%
Talerian Foolsville, UK
0%
Shieldser9 Forest of Fun Surprises
0%
Defender For My AusTROLLian Mates rev 16+9
0%
Tutajkk Free 3D Design Trollware
0%
Shano19 Frenly Fishbones
0%
Superplex25 Funny B-Day Level Go Brr
0%
Shieldser9 Fun't
0%
Shieldser9 Generic Level Name
0%
Shieldser9 Generic Level of Fun Surprises
0%
~Chichiri~ Geniusville, Canada [Troll]
0%
γυτσ Get 300 Lives!
0%
GigantTRex Gets worse after CP0 (Troll)
0%
Treflee Get the Spring (Troll)
0%
Talerian Getting B0XED for Dummies
0%
gioksz gioksz badly designed troll room
0%
Goomba Crew GOOM Eternal
0%
Tutajkk Grandma's Secret Troll Recipe
0%
Tombobulus Grimm's Mom's Spaghetti Soup
0%
Tombobulus Grimm's Skybound Chateau (TROLL)
0%
Wagon haha kaizo block go ding
0%
poly Happy Trollday Mario Maker.
0%
SoupBowl Hey guess what ?
0%
GigantTRex HOLD RIGHT RYNLL [Auto]
0%
Xara Homemade Goombread (Troll)
0%
Tutajkk Hot Top Troll Fort
0%
Shay_ House of Spooks 3
0%
jneen How to beat the level [v14]
0%
GigantTRex hst88p3MM
0%
Mr. CP0 I ate a tootsie troll :::oo
0%
Mr. CP0 I can't believe it's not stupid!
0%
Wilfred I can't think of a pun
0%
STEVOOOOO! if(this->player.brain == NULL) {
0%
xTofu #BRL iLarly: The Movie [Troll]
0%
Explosive I'll Be Out Of My Mind
0%
Kingbling I'm 36 Steps Ahead of You
0%
STEVOOOOO! i made this in a day
0%
Symp Imagine a Red POW
0%
Matute26 I'm Always 8 steps ahead of carl
0%
Tim-bum 2 inconspicuous contraption
0%
Sady Iroll-Man
0%
Sady Iroll-Man II
0%
Collab I swear this had a title... #NSR
0%
Matute26 "it's 3Din Time!"
0%
Keigy It's a very important word V.3
0%
STEVOOOOO! IT'S DANGEROUS TO GO STUPID
0%
Matute26 It's dangerous to Troll alone!
0%
Wagon Jankster's Paradise [GLITCHFREE]
0%
Burg93 Jedi Wars 7 The Trolls Awaken v3
0%
Japanese collab JTTC : We're PEEPing your thinKING
0%
TrollVoid Judgement Day
0%
Jujustum Juju's Bizarre Ad-bait-ure
0%
BearWare Jungle Soup
0%
CCC Just Beat the Level (CCC COLLAB)
0%
SoupBowl Larl did an Oopsie
0%
Talerian Larl got runover by a Skipsqueak
0%
Nicotec Larl in the sky with diamonds
0%
Defender Larl's AphanTROLLsia
0%
Wagon Larl Unboxing (GONE WRONG)
0%
Talerian Last exit to Gerkville #Gerk
0%
LunarScrap lava is die
0%
Matute26 Let's Embiggen The Trolls
0%
poly LOOGUY plays with SNEK
0%
SoupBowl Lose your IQ for free!
0%
TwoPlusTwo Lost in Bowser's Castle
0%
~Chichiri~ LoZ:Twoll-light Princess [Troll]
0%
LMJ <[2,0] | LOOGUY has to pay BUU>
0%
Wilfred LUIGI HAS HAD ENOUGH
0%
STEVOOOOO! Luigi's Ill-advised Adventure
0%
Talerian Luigi VS Austrollia
0%
Matute26 LUL (Read the Description)
0%
Hyeve Malicious Mental Matters
0%
Jujustum Mansion of Psytrollogy
0%
Wilfred Mario drowns in soup
0%
Wilfred Mario escapes prison
0%
Wilfred Mario goes to the vet
0%
Wilfred Mario lies on his tax forms
0%
sans123 Mario Puts An F in the Chat #CTC
0%
Sus_Door Mario's Monstrous Midair Madness
0%
Explosive Mario Steps On Bowser #CTC V14
0%
catears Mario terminator (Troll)
0%
[daftlife] Mario Tries to Beatbox #blameb0x
0%
Wilfred Mario turns himself into a pickle
0%
CCC Mario turns into a cucumber
0%
zoliking Midly Mean
0%
Superplex25 Mini-Troll Level 1
0%
Superplex25 Mini-Troll Level 2
0%
SoupBowl Molten Brain Land
0%
Keigy MR BEAN GOAT (collab ft sharky)
0%
frgted my cool troll level
0%
Gnomainain My first treaull level !
0%
GigantTRex MYFIRST TRIL LEVRL #DGR
0%
TwoPlusTwo My first troll level [NOT GARBO]
0%
HackaKat never gonna give you 1-ups FINAL
0%
gioksz Never trust the 50 "troll" v34
0%
LunarScrap New and Improved Pick-a-Path
0%
Xara Noice Cream Sandwich (Troll)
0%
[daftlife] nonsus clowns
0%
gioksz Nor-est gump ft kerzo
0%
Canyyon nor galore
0%
zoliking Not a Zoliking level [TROLL]
0%
Mr. CP0 Not stolen stuff (troll)
0%
Sady Old Garb 2: Reduce Reuse Recycle
0%
Sady Old Garb but it's Twice Twice
0%
zoliking Otter Day [TROLL]
0%
FMB3 Pas de champis Poly
0%
Matute26 Pause for Deffect
0%
PeregrineC Pick a Door, Any Door (troll)
0%
SoupBowl Pick a Pipe but it's easy
0%
xTofu #BRL Pika-Pika Path [Troll]
0%
jneen pits of glory (english) [TROLL]
0%
carl Please Just Do Better :)
0%
Potatochan Potatochan's Last Endeavor
0%
Potatochan Potatochan's Tower of Trolls
0%
gioksz PringTrolls #gerk
0%
zoliking Quarantine Blues [TROLL]
0%
Matute26 Raiding into Area 42
0%
SoupBowl Remaining colors of the Soupbow
0%
PeregrineC Resting Grinch Face
0%
YimmyRawr Revenge of the 1-1 Goomba: TROLL
0%
carl Rhymes with FUN!
0%
Scriv Rome Wasn't Built in a Day
0%
Sady Sadistic Trapland #DGR
0%
[daftlife] Salt Levels Under Con-TROLL!
0%
Scriv Seeking Bingo
0%
Pickpokey Shy guy has no more mask ?!?
0%
Pickpokey Shy guy wears mask for Halloween
0%
Shieldser9 Sky of Fun Surprises
0%
Symp Small Brain Trolls
0%
Matute26 So many new ways to troll carl!
0%
poly Some Trolls here and there !
0%
Wagon Sorry, Everyone
0%
Major Spaghetti GARBOnara
0%
jneen spike is only trying to help...
0%
LunarScrap Stevo collab
0%
STEVOOOOO! Stevo's Sausage Troll
0%
γυτσ S-TROLL:DISAPPEREARANCE OF THE LVL
0%
γυτσ S-TROLL:Ice says the right way
0%
γυτσ S-TROLL:Long pipe is Wrong pipe
0%
SoupBowl STUPID SOUP
0%
BearWare Symptoms of Unoriginality
0%
Pacman256 testFina2
0%
Pickpokey That one level for #2YCCC
0%
Sady The Amazing Trullk
0%
Wagon The Banned Wagon
0%
Tutajkk The Beanstalk of Trolls
0%
Matute26 "THE BEST LEVEL EVER!" :Kappa:
0%
Keigy The Castle of Nodoom
0%
poly The colours of the rainmole !
0%
YimmyRawr The Cursed Pyramid
0%
PeregrineC The Dork Side
0%
~Chichiri~ The Duplicitous Desert [Troll]
0%
BearWare The Fastest Troll in the West
0%
gioksz The Gerkinator
0%
Mr. CP0 The Good Ending
0%
STEVOOOOO! The Good Ol' Kerzo Block
0%
Shano19 The Illusion of Choiche
0%
Hyeve The Imposstroll Choiche
0%
Kingbling The Kings of Psychology
0%
Burg93 The MandaLARLian
0%
~Chichiri~ The Ocean of Ugh [Troll Level]
0%
Tutajkk The Phantom Prankster (Troll)
0%
Wagon The Pinnacle of Troll Design
0%
~Chichiri~ The Purloined Letter [Troll]
0%
γυτσ The Realisation Of Legit Levels
0%
[daftlife] There's No Going Back (troll)
0%
Shano19 The Saltier Jungle
0%
Shano19 The Salt Mines
0%
Dolphin The Shenanigans of Dolphin
0%
Matute26 The Spa-fish Inquisition
0%
Defender The_Trollbold_Inn's $5000 Level
0%
Xara The Trollden Experience
0%
carl The Twelve Days of Geeksmas v489
0%
Shieldser9 The Violence of the Lambs
0%
Wagon The WagonMoney Collab
0%
carl The year of the Guts v1
0%
BearWare Things that go Bump in the Night
0%
elarin "This course has been deleted..."
0%
poly This is FUN !
0%
Ticoche This is not 1 troll v.8
0%
おりべぇし THIS MUST BE A ROCKET
0%
BearWare This Really Be a Goombruh Moment
0%
[daftlife] This Troll Is All #GEEK's Fault!
0%
Matute26 Thumbnail
0%
Lazy Nine Toadette's Trolly Treasure Trip
0%
jojalol TOAD OPENED A WINDOW!
0%
jneen toad reads defenders troll guide
0%
Kingbling To Be Squished or Fished?
0%
Canyyon too many trolls to count
0%
Explosive Tooth Banan: The desert of troll
0%
poly to trust or not to trust v13
0%
Wagon Trash Banned-icoot
0%
SoupBowl Tried So Hard And Got So Far...
0%
elarin [Troll] Aircraft Scarier
0%
elarin [Troll] Alt + F4-rest
0%
Gnomainain [Troll]Baby Troll Tutorial. :)
0%
Treflee [Troll] Backtracking Area
0%
γυτσ TROLL:Bubbles of water
0%
γυτσ TROLL:Cave of U
0%
Gnomainain [troll] Croodi War Zone 2 : >_<
0%
Treflee [Troll] Danger from above
0%
Xara Trollden Gametime
0%
γυτσ TROLL:Fact Factory
0%
Matute26 Troll Gambit
0%
Treflee [Troll] Give me cookies!
0%
poly [Troll] GNOMAI MOUCHERIES !
0%
γυτσ TROLL:I'm OK.
0%
Symp Trolljà vu
0%
おりべぇし [TROLL] Kill Me(Mii) Baby?
0%
Sady Troll Level Becoming Uncanny
0%
Mikagic TROLLMAINAIN
0%
Sady Tröllolhor
0%
catears Trolls are cute
0%
Pickpokey trolls for fishze
0%
FMB3 Troll sombre for Gnomainain
0%
γυτσ TROLL:Spot a toP
0%
Gnomainain [Troll]Super Troll Bros 2
0%
γυτσ TROLL:SurPRIsiNG sTAlKErS' hoUse
0%
Gnomainain [Troll] The Legend Of Stormy
0%
γυτσ TROLL:TO You Cruel CP1'll Come...
0%
γυτσ TROLL:Welcome to the buggy Maze
0%
Defender Trollwitz: FAIL to Succeed
0%
Sady Troubled Waters' Troubling Troll
0%
PeregrineC UnHappy Feesh (troll)
0%
Matute26 Untitled Troll Level
0%
STEVOOOOO! WARIO'S TROLD MINE
0%
sans123 Welcome to France! v5
0%
Shieldser9 Welcome to the FUNgle
0%
γυτσ Welcome to Troll-Emerging Nation
0%
Kingbling What Lives Under the Bridge
0%
Lazy Nine Win't
0%
Wagon Winter Blunderland
0%
Shieldser9 Winter of Fun Surprises
0%
Shieldser9 Wreck the Halls 2
0%
Matute26 Yoshi Witnesses Mario's Murder
0%
Katz You've Still Learned Nothing!
0%
Matute26 Yugi-Troll!
0%
Aucun quiz correspondant
Distribution des résultats
% des personnes avec chaque résultat
Percentile par nombre de réponses
Votre historique - résultats
Vous n’avez pas pris ce quiz